01641nam a22003014i 450000100060000000300090000600500170001500700030003200800410003504000330007610000430010924503040015226400390045630000410049533600270053633700330056333800280059650201770062450400300080150502210083161000780105265000460113065000590117665000200123565000100125565000140126570000600127932554DO-SdISF20250327112823.0ta240209s2020 dr a|||frm||| 000 0 spa d aDO-SdISFbspaerdacDO-SdISF1 aVentura Cruz, Víctor Andréseautor10aEstudio de la percepción sobre la práctica de actividad física y la salud en el alumnado del segundo ciclo del nivel secundario de la República Dominicana en el año escolar 2018-2019 /csustentada por: Víctor Andrés Ventura Cruz ; asesor: María de los Ángeles Fernández Villarino 1aSanto Domingo : bISFODOSU, c2020 a56 hojas :bilustraciones ; c27 cm. 2rdacontentatextobtxt 2rdamediaasin mediaciónbn 2rdacarrieravolumenbnc aTesis para optar por el título de Maestría en Educación Física Integral - Instituto Superior de Formación Docente Salomé Ureña - ISFODOSU, Recinto EMH, 2020.  aBibliografía en hoja 342 aIntroducción al problema de investigación 1 - Revisión de literatura 7 - Metodología 14 - Análisis de los resultados 20 - Interpretación de los resultados 26 - Referencias bibliográficas 34 - anexos 4014aInstituto Superior de Formación Docente Salomé UreñavTesis2armarc14aEducación físicaxEnseñanza2armarc17aEducación secundaria2armarczRepública Dominicana17aEstilos de vida14aSalud14aEjercicio1 aFernández Villarino, María de los Ángeleseasesor